000
00313nam a22001337a 4500
008
170421b xxu||||| |||| 00| 0 eng d
020
_a
9780176502300
041
_a
eng
080
_a
573
100
_a
11
101
_a
SHM
245
_a
BIOLOGY EXPLORING THE DIVERSATE OF LIFE
_c
WOLFE.R
942
_2
udc
_c
BK
999
_c
11534
_d
11534